000 004740000a22001810004500
999 _c47576
_d47576
001 331
003 CO-MdFUSB
005 20170831193716.0
008 170831b xxu||||| |||| 00| 0 eng d
020 _a84-08-05703-0
040 _cCO-MdBIC
082 0 4 _a863N L585c
100 1 _aLewis, Clive Staples (1898-1963)
245 1 0 _aLas Crónicas de NARNIA : El Caballo y el muchacho / Clive Staples Lewis
260 _aBarcelona : Destino
300 _a278 P.
942 _cLGB